Biblioteca

Sociología de la familia contemporánea / Pedro Beltráo ; Valeriano Baíllo Ruiz, Traducción y adaptación castellana (Registro nro. 32344)

Detalles MARC
000 -LÍDER
Campo fijo de descripción fija 012710000a22002170004500
020 ## - NÚMERO INTERNACIONAL NORMALIZADO PARA LIBROS
Número Internacional Normalizado del libro 84-301-0629-4
041 0# - CÓDIGO DE IDIOMA
Código de idioma para texto/pista de sonido o título separado
082 04 - NÚMERO DE CLASIFICACIÓN DECIMAL DEWEY
Número de clasificación G 173 B4538s
001 - NÚMERO DE CONTROL
Campo de control 952
100 1# - ASIENTO PRINCIPAL--NOMBRE PERSONAL
Nombre personal Beltráo, Pedro
245 10 - TÍTULO
Título del Material Sociología de la familia contemporánea / Pedro Beltráo ; Valeriano Baíllo Ruiz, Traducción y adaptación castellana
260 ## - PUBLICACIÓN, DISTRIBUCIÓN, ETC. (PIE DE IMPRENTA)
Lugar de publicación, distribución, etc. Salamanca, España : Sígueme
300 ## - DESCRIPCIÓN FÍSICA
Extensión 190 Pag.
336 ## - CONTENT TYPE
Content type term texto
Content type code txt
Source rdacontent
337 ## - MEDIA TYPE
Source rdamedia
Media type term sin mediación
Media type code n
338 ## - CARRIER TYPE
Source rdacarrier
Carrier type term volumen
Carrier type code nc
500 ## - NOTA GENERAL
Nota General Título original : Sociologia della famiglia contemporanea
505 00 - NOTA DE CONTENIDO
Nota de contenido con formato preestablecido ¿Hacia dónde va la familia? -- familia y matrimonio. Estructuras y funciones familiares -- el cambio social en el matrimonio y la familia -- el matrimonio y la familia ante el desarrollo de la sociedad contemporánea -- transmisión demográfica y función procreadora de la familia -- la familia en la movilidad de la sociedad terciaria y cuaternaria -- la promoción de la mujer en la sociedad y en la familia -- inestabilidad estructural de la familia moderna -- problemática social de la regulación de los nacimientos -- el espacio vital de la familia -- preparación para la vida matrimonial -- familia y sociedad
650 14 - ASIENTO SECUNDARIO DE MATERIA - TERMINO TEMÁTICO
Término temático o nombre geográfico como elemento de entrada FAMILIA
942 ## - TIPO DE MATERIAL (KOHA)
Tipo de Item KOHA Libros General
Existencias
Estado de Material Estado de Perdido Estado de Dañado No para Préstamo Colección Tomo Biblioteca de Origen Biblioteca Permanente Fecha de Adquisición Total de Préstamos Signatura Topográfica Código de Barras Última vez visto Última vez Préstado Ejemplar/Existencia Fecha de Remplazo Tipo de Material
        Colección General   Biblioteca FUSBC Biblioteca FUSBC 29/09/2004 3 G 173 B4538s 634 31/05/2024 28/05/2024 1 26/01/2016 Libros General

Biblioteca FUSBC | Teléfono: (57+4) 349 88 10 Ext. 141| WhatsApp (+57) 3005338115 
E-mail: biblioteca@unisbc.edu.co | Calle 76 87-14 Robledo Palenque, Medellín, Colombia

Con tecnología Koha